Cities by Images A-Z - II - Statistics

General Stats
  • This quiz has been taken 33 times
  • The average score is 12 of 26
Answer Stats
Picture Answer % Correct
Rome
100%
Athens
97%
Dubai
97%
London
97%
Moscow
97%
New York City
87%
Xi'an
60%
Buenos Aires
53%
Vienna
53%
Utrecht
50%
Santiago
47%
Zagreb
47%
Casablanca
43%
Yangon
43%
Phnom Penh
40%
Fukuoka
37%
Wellington
27%
Edmonton
23%
Tehran
23%
Guadalajara
17%
Jeddah
17%
Indore
7%
Kinshasa
7%
Odessa
7%
Quetta
7%
Harare
3%
No matching quizzes found
Score Distribution
Percent of People with Each Score
Percentile by Number Answered
Your Score History
You have not taken this quiz